Paths Uncharted (Record no. 18278)
[ view plain ]
| 000 -LEADER | |
|---|---|
| fixed length control field | 00427nam a2200169Ia 4500 |
| 008 - FIXED-LENGTH DATA ELEMENTS--GENERAL INFORMATION | |
| fixed length control field | 220803s9999 xx 000 0 und d |
| 020 ## - INTERNATIONAL STANDARD BOOK NUMBER | |
| International Standard Book Number | 81-907-2650-1 |
| 041 ## - LANGUAGE CODE | |
| Language code of text/sound track or separate title | eng |
| 082 ## - DEWEY DECIMAL CLASSIFICATION NUMBER | |
| Classification number | 720.92 DOS |
| 100 ## - MAIN ENTRY--PERSONAL NAME | |
| Personal name | Doshi B |
| 9 (RLIN) | 29066 |
| 245 ## - TITLE STATEMENT | |
| Title | Paths Uncharted |
| 260 ## - PUBLICATION, DISTRIBUTION, ETC. (IMPRINT) | |
| Place of publication, distribution, etc. | Ahmedabad |
| Name of publisher, distributor, etc. | Vastu Shilpa Foundation |
| Date of publication, distribution, etc. | 2011 |
| 300 ## - PHYSICAL DESCRIPTION | |
| Extent | 439p |
| 500 ## - GENERAL NOTE | |
| Keywords | Architecture |
| 650 ## - SUBJECT ADDED ENTRY--TOPICAL TERM | |
| Topical term or geographic name as entry element | Master Architects |
| 9 (RLIN) | 29067 |
| 700 ## - ADDED ENTRY--PERSONAL NAME | |
| Personal name | Doshi B |
| 9 (RLIN) | 29066 |
| Withdrawn status | Lost status | Damaged status | Not for loan | Home library | Current library | Shelving location | Date acquired | Vendor | Total Checkouts | Total Renewals | Full call number | Barcode | Date last seen | Date last checked out | Bill Date | Koha item type | Original Barcode |
|---|---|---|---|---|---|---|---|---|---|---|---|---|---|---|---|---|---|
| Dr. Bhanuben Nanavati College of Architecture | Dr. Bhanuben Nanavati College of Architecture | 22/02/2013 | Doshi Balkrishna | 12 | 5 | 720.92 DOS | BNCA-DB-853 | 02/12/2025 | 25/11/2025 | 03/08/2022 | Donated Book | DB000853 |